Capitales de provincias españolas más lluviosas - Estadísticas

Estadísticas generales
  • Esta prueba ha sido intentada 2.043 veces
    1.743 desde el último reinicio
  • La puntuación promedio es 8 de 10
Estadísticas de respuestas
mm de agua/año Ciudad % Correcto
1.014 A Coruña
93%
1.134 Bilbao
90%
1.052 Lugo
89%
960 Oviedo
88%
1.129 Santander
87%
811 Ourense
85%
1.791 Pontevedra
85%
1.507 San Sebastián
81%
674 Pamplona
74%
743 Vitoria
69%
No se encontraron pruebas coincidentes
Distribución de puntuación
Porcentaje de gente con cada puntuación
Porcentaje por número respondido
Historial de tus puntuaciones
No has intentado esta prueba desde el último reinicio